[Event "Bohumin op-A 6th"]
[Site "Bohumin"]
[Date "2023.07.03"]
[Round "3"]
[White "Cempel, Jaroslav"]
[Black "Fialka, Adam"]
[Result "1-0"]
[WhiteElo "2017"]
[BlackElo "1904"]
[PlyCount "130"]
[EventDate "2023.07.01"]
[EventType "swiss"]
[EventRounds "9"]
[EventCountry "CZE"]
[SourceTitle "CBM 215 Extra"]
[Source "ChessBase"]
[SourceDate "2023.09.30"]
[SourceVersion "1"]
[SourceVersionDate "2023.09.30"]
[SourceQuality "1"]

1. e4 c5 2. b3 e5 3. Bb2 d6 4. Bb5+ Bd7 5. Bxd7+ Qxd7 6. Nf3 Nf6 7. Nc3 Nc6 8. 0-0 Be7 9. Re1 0-0 10. d3 Rab8 11. a4 Nd4 12. Nd2 Qg4 13. Qxg4 Nxg4 14. Nd5 Bg5 15. Bxd4 Bxd2 16. Re2 Bg5 17. Be3 Bxe3 18. fxe3 Kh8 19. h3 Nh6 20. g4 f6 21. c4 Nf7 22. Rf1 Ng5 23. h4 Ne6 24. Ref2 h6 25. Ne7 Kh7 26. g5 fxg5 27. hxg5 g6 28. Rf7+ Rxf7 29. Rxf7+ Ng7 30. gxh6 Kxh6 31. Rf6 Re8 32. Nf5+ Nxf5 33. exf5 Kg5 34. Rxg6+ Kxf5 35. Rxd6 Re7 36. Rd5 b6 37. Kf2 Ke6 38. Rd8 Rf7+ 39. Ke2 Rh7 40. Kd2 Rh2+ 41. Kc3 Rh3 42. e4 Rh7 43. Rb8 Rd7 44. a5 bxa5 45. Rb5 a4 46. bxa4 Kd6 47. Rb8 Kc6 48. Rh8 Re7 49. Rh6+ Kc7 50. Ra6 Kb7 51. Rd6 Kc7 52. Rd5 Kc6 53. Kd2 Re8 54. a5 Re7 55. Ke3 Re8 56. Kf3 Rf8+ 57. Kg4 Rf1 58. Rxe5 Ra1 59. Re6+ Kb7 60. a6+ Kc7 61. Kf4 Ra3 62. Ke3 Rc3 63. e5 Kd7 64. Rh6 Rc2 65. Ke4 Ke8 1-0

[Event "Bohumin op-A 6th"]
[Site "Bohumin"]
[Date "2023.07.01"]
[Round "1"]
[White "Mroziak, Maciej"]
[Black "Cempel, Jaroslav"]
[Result "1-0"]
[WhiteElo "2338"]
[BlackElo "2017"]
[PlyCount "77"]
[EventDate "2023.07.01"]
[EventType "swiss"]
[EventRounds "9"]
[EventCountry "CZE"]
[SourceTitle "CBM 215 Extra"]
[Source "ChessBase"]
[SourceDate "2023.09.30"]
[SourceVersion "1"]
[SourceVersionDate "2023.09.30"]
[SourceQuality "1"]

1. e4 d5 2. exd5 Qxd5 3. Nc3 Qd6 4. d4 Nf6 5. Nf3 c6 6. g3 g6 7. Bg2 Bg7 8. 0-0 0-0 9. Re1 Re8 10. a3 Qd8 11. Ne5 Be6 12. Be3 Nd5 13. Nxd5 Bxd5 14. Bh3 f5 15. c4 Be6 16. Qe2 Nd7 17. Nxd7 Bxd7 18. Rad1 Qc8 19. Bf4 Bf6 20. Bg2 a5 21. b3 Kg7 22. Qe3 Kg8 23. Bf3 Ra6 24. h4 h5 25. Rd2 Kg7 26. Rde2 Ra8 27. Qd2 Qd8 28. Be5 Bxe5 29. Rxe5 e6 30. d5 exd5 31. cxd5 Qf6 32. Rxe8 Bxe8 33. Re6 Qa1+ 34. Kg2 Bf7 35. Re7 Qf6 36. Rxb7 Rd8 37. Qxa5 f4 38. gxf4 Rg8 39. dxc6 1-0

[Event "CZE-chT2F 2223"]
[Site "Czech Republic"]
[Date "2023.02.19"]
[Round "9"]
[White "Parak, Dominik"]
[Black "Cempel, Jaroslav"]
[Result "1/2-1/2"]
[WhiteElo "2030"]
[BlackElo "2045"]
[PlyCount "30"]
[EventDate "2022.10.16"]
[EventType "team-tourn"]
[EventRounds "11"]
[EventCountry "CZE"]
[SourceTitle "EXT 2024"]
[Source "ChessBase"]
[SourceDate "2023.10.10"]
[SourceVersion "1"]
[SourceVersionDate "2023.10.10"]
[SourceQuality "1"]
[WhiteTeam "Vsetin"]
[BlackTeam "Poruba Slavoj III"]
[WhiteTeamCountry "CZE"]
[BlackTeamCountry "CZE"]

1. e4 d5 2. exd5 Qxd5 3. Nf3 Nf6 4. Nc3 Qd6 5. d4 c6 6. Be2 Nbd7 7. 0-0 e6 8. Bg5 Be7 9. Re1 0-0 10. a4 a5 11. Qd2 Qc7 12. Bf4 Bd6 13. Bxd6 Qxd6 14. Bd3 Nb6 15. Ne4 Nxe4 1/2-1/2

[Event "CZE-chT2F 2223"]
[Site "Czech Republic"]
[Date "2023.01.22"]
[Round "7"]
[White "Cempel, Jaroslav"]
[Black "Omamik, Pavel"]
[Result "1/2-1/2"]
[WhiteElo "2045"]
[BlackElo "2021"]
[PlyCount "114"]
[EventDate "2022.10.16"]
[EventType "team-tourn"]
[EventRounds "11"]
[EventCountry "CZE"]
[SourceTitle "EXT 2024"]
[Source "ChessBase"]
[SourceDate "2023.10.10"]
[SourceVersion "1"]
[SourceVersionDate "2023.10.10"]
[SourceQuality "1"]
[WhiteTeam "Poruba Slavoj III"]
[BlackTeam "Koprivnice Tatra"]
[WhiteTeamCountry "CZE"]
[BlackTeamCountry "CZE"]

1. e4 g6 2. d4 Bg7 3. Nf3 c6 4. Nc3 d6 5. Be3 Bg4 6. Be2 e6 7. Qd2 d5 8. exd5 exd5 9. 0-0-0 Nd7 10. Rhe1 Ne7 11. Bf4 0-0 12. h3 Bxf3 13. Bxf3 Re8 14. g4 Nf8 15. h4 Ne6 16. Be3 Qd6 17. Ne2 f6 18. Nf4 Nf8 19. Nd3 b6 20. Bf4 Qd7 21. Kb1 Ne6 22. Be3 Rad8 23. Nf4 Nf8 24. g5 fxg5 25. hxg5 Nf5 26. Bg4 c5 27. c3 Qf7 28. Ka1 cxd4 29. cxd4 Nd6 30. Bf3 Ne4 31. Qc2 Nxg5 32. Bg2 Ne4 33. Bc1 Nf6 34. Rxe8 Qxe8 35. Qb3 Qc6 36. Be3 Ne6 37. Rc1 Qd7 38. Bh3 Re8 39. Nxe6 Rxe6 40. Bxe6+ Qxe6 41. Qc2 Nd7 42. Qc8+ Nf8 43. Qb7 Qe4 44. Qxa7 Bxd4 45. Bxd4 Qxd4 46. a3 Qxf2 47. Qb7 Qd2 48. Rc8 Qe1+ 49. Ka2 Qe6 50. Rc6 Qe4 51. Qxb6 h5 52. Qb3 Ne6 53. Rd6 Nf4 54. Rd7 Qc4 55. Qxc4 dxc4 56. Rd4 g5 57. a4 h4 1/2-1/2

[Event "CZE-chT2F 2223"]
[Site "Czech Republic"]
[Date "2022.12.18"]
[Round "5"]
[White "Cempel, Jaroslav"]
[Black "Marak, Jakub"]
[Result "1/2-1/2"]
[WhiteElo "2045"]
[BlackElo "1973"]
[PlyCount "178"]
[EventDate "2022.10.16"]
[EventType "team-tourn"]
[EventRounds "11"]
[EventCountry "CZE"]
[SourceTitle "EXT 2024"]
[Source "ChessBase"]
[SourceDate "2023.10.10"]
[SourceVersion "1"]
[SourceVersionDate "2023.10.10"]
[SourceQuality "1"]
[WhiteTeam "Poruba Slavoj III"]
[BlackTeam "Zlin"]
[WhiteTeamCountry "CZE"]
[BlackTeamCountry "CZE"]

1. e4 e5 2. Nf3 Nc6 3. c3 Nf6 4. d4 d5 5. Bb5 Nxe4 6. Nxe5 Bd7 7. Bxc6 Bxc6 8. Qe2 Be7 9. Nd2 Nxd2 10. Bxd2 0-0 11. 0-0 Bd6 12. Nxc6 bxc6 13. Qf3 c5 14. g3 c6 15. dxc5 Bxc5 16. Rfd1 Qe7 17. Re1 Qd7 18. Rad1 Rfe8 19. Be3 Bxe3 20. Rxe3 Rxe3 21. Qxe3 Re8 22. Qd4 Qb7 23. c4 dxc4 24. Qxc4 h6 25. b3 Qc7 26. Qd4 Re2 27. Qd8+ Qxd8 28. Rxd8+ Kh7 29. a4 Rb2 30. Rd3 c5 31. Rc3 g5 32. Rxc5 Rxb3 33. Rc7 Kg6 34. Rxa7 Ra3 35. g4 h5 36. gxh5+ Kxh5 37. Kg2 Kg4 38. h3+ Rxh3 39. Rxf7 Ra3 40. Ra7 Kf4 41. a5 Ra2 42. a6 Kf5 43. Ra8 Kg6 44. Kf3 Kg7 45. Ra7+ Kg6 46. Kg3 Ra3+ 47. Kh2 g4 48. Ra8 Kg7 49. Kg2 Kf6 50. Kf1 Ra2 51. Ke1 Kg7 52. a7 Kh7 53. Kd1 Kg7 54. Kc1 Ra6 55. Kb2 Ra5 56. Kb3 Ra1 57. Kc4 Ra4+ 58. Kd5 Ra5+ 59. Ke4 Ra4+ 60. Kf5 Kh7 61. Kf6 Ra2 62. Kg5 Ra4 63. Kf5 Kg7 64. Re8 Rxa7 65. Kxg4 Kf7 66. Re5 Ra4+ 67. f4 Ra1 68. Rb5 Kf6 69. Rb6+ Kf7 70. Kg5 Ra7 71. f5 Kg7 72. Rg6+ Kf7 73. Rh6 Kg7 74. f6+ Kg8 75. Kg6 Rg7+ 76. Kf5 Ra7 77. Rg6+ Kf8 78. Rg3 Ra1 79. Kg6 Rf1 80. Rg5 Rf2 81. Re5 Rg2+ 82. Kf5 Rf2+ 83. Ke6 Rf1 84. Rf5 Re1+ 85. Re5 Rf1 86. f7 Rf6+ 87. Kd5 Kxf7 88. Ke4 Re6 89. Rxe6 Kxe6 1/2-1/2

[Event "CZE-chT1E 2223"]
[Site "Czech Republic"]
[Date "2022.12.11"]
[Round "5.6"]
[White "Cempel, Jaroslav"]
[Black "Klima, Lukas"]
[Result "0-1"]
[WhiteElo "2032"]
[BlackElo "2348"]
[PlyCount "86"]
[EventDate "2022.10.08"]
[EventType "team-tourn"]
[EventRounds "11"]
[EventCountry "CZE"]
[SourceTitle "CBM 213 Extra"]
[Source "ChessBase"]
[SourceDate "2023.05.31"]
[SourceVersion "1"]
[SourceVersionDate "2023.05.31"]
[SourceQuality "1"]
[WhiteTeam "Poruba Slavoj II"]
[BlackTeam "Poruba Slavoj"]
[WhiteTeamCountry "CZE"]
[BlackTeamCountry "CZE"]

1. Nf3 c5 2. g3 Nc6 3. Bg2 e5 4. e4 g6 5. 0-0 Bg7 6. Nc3 Nge7 7. d3 0-0 8. Nd2 d6 9. Nc4 Be6 10. Ne3 Qd7 11. h4 f5 12. Ned5 f4 13. Nxe7+ Nxe7 14. Bd2 Rf7 15. Kh2 Raf8 16. Qe1 Nc6 17. Rc1 Bh6 18. f3 fxg3+ 19. Kxg3 Bxd2 20. Qxd2 Nd4 21. Ne2 Nxe2+ 22. Qxe2 Rf4 23. Rh1 Qe7 24. Rcg1 h5 25. Kf2 Rxh4 26. Ke1 Kg7 27. a3 Rff4 28. Qe3 Rxh1 29. Bxh1 h4 30. Bg2 Qf6 31. Bh1 h3 32. Qf2 Qh4 33. Rg3 g5 34. c3 Rf8 35. Ke2 Qf4 36. Qg1 Rf6 37. d4 cxd4 38. cxd4 g4 39. Kd3 Bd7 40. Kc2 h2 41. Qg2 d5 42. exd5 Bf5+ 43. Kb3 Qxd4 0-1

[Event "CZE-chT2F 2223"]
[Site "Czech Republic"]
[Date "2022.12.04"]
[Round "4"]
[White "Cempel, Jaroslav"]
[Black "Nytra, Petr"]
[Result "1-0"]
[WhiteElo "2045"]
[BlackElo "1996"]
[PlyCount "107"]
[EventDate "2022.10.16"]
[EventType "team-tourn"]
[EventRounds "11"]
[EventCountry "CZE"]
[SourceTitle "EXT 2024"]
[Source "ChessBase"]
[SourceDate "2023.10.10"]
[SourceVersion "1"]
[SourceVersionDate "2023.10.10"]
[SourceQuality "1"]
[WhiteTeam "Poruba Slavoj III"]
[BlackTeam "Orlova Slavia II"]
[WhiteTeamCountry "CZE"]
[BlackTeamCountry "CZE"]

1. e4 e5 2. Nf3 Nc6 3. Bc4 Bc5 4. Nc3 Nf6 5. d3 h6 6. Be3 Bxe3 7. fxe3 0-0 8. 0-0 d6 9. a3 Be6 10. Nd5 Nd7 11. Qe1 Ne7 12. Nxe7+ Qxe7 13. Bxe6 Qxe6 14. Qg3 Qg6 15. Qh3 Nf6 16. Rae1 Rfe8 17. Nh4 Qg4 18. Qxg4 Nxg4 19. Rf3 Re6 20. Rg3 h5 21. Rf1 g6 22. h3 Nh6 23. Nf5 Nxf5 24. exf5 Rf6 25. fxg6 Rxg6 26. Rgf3 Rf8 27. Rf5 Rh6 28. Rg5+ Kh7 29. Rff5 f6 30. Rxh5 Rxh5 31. Rxh5+ Kg6 32. g4 c5 33. Rf5 b5 34. Kg2 d5 35. h4 d4 36. Kf3 Rc8 37. h5+ Kg7 38. Ke4 dxe3 39. Kxe3 c4 40. g5 fxg5 41. Rxe5 Kh6 42. Rxb5 cxd3 43. cxd3 Kxh5 44. b4 Kh4 45. Rb7 Ra8 46. d4 g4 47. Rh7+ Kg5 48. d5 a6 49. Rg7+ Kh4 50. d6 g3 51. d7 Rd8 52. Kf4 Kh5 53. Kf5 Kh6 54. Rxg3 1-0

[Event "CZE-chT2F 2223"]
[Site "Czech Republic"]
[Date "2022.11.20"]
[Round "3"]
[White "Cempel, Jaroslav"]
[Black "Letovanec, Petr"]
[Result "1-0"]
[WhiteElo "2045"]
[BlackElo "1850"]
[PlyCount "63"]
[EventDate "2022.10.16"]
[EventType "team-tourn"]
[EventRounds "11"]
[EventCountry "CZE"]
[SourceTitle "EXT 2024"]
[Source "ChessBase"]
[SourceDate "2023.10.10"]
[SourceVersion "1"]
[SourceVersionDate "2023.10.10"]
[SourceQuality "1"]
[WhiteTeam "Poruba Slavoj III"]
[BlackTeam "Trinec II"]
[WhiteTeamCountry "CZE"]
[BlackTeamCountry "CZE"]

1. e4 c5 2. Nc3 d6 3. g3 Nc6 4. Bg2 g6 5. Nge2 Bg7 6. d3 Nf6 7. 0-0 0-0 8. h3 h6 9. Be3 e6 10. Qd2 Kh7 11. f4 a6 12. g4 e5 13. Nd5 Nxd5 14. exd5 Nd4 15. Ng3 exf4 16. Bxf4 f5 17. c3 Nb5 18. gxf5 Bxf5 19. Nxf5 Rxf5 20. Be4 Rf6 21. Qh2 Qd7 22. Bg3 Raf8 23. Rxf6 Rxf6 24. Bh4 Rf8 25. Qg2 Qe8 26. Kh1 Be5 27. Rg1 Rg8 28. Be1 Qf7 29. Bd2 Nc7 30. h4 Qf6 31. Qg4 h5 32. Qxh5+ 1-0

[Event "Moravia-Silesia Region-chT 2223"]
[Site "Czech Republic"]
[Date "2022.10.23"]
[Round "2"]
[White "Vicha, Martin"]
[Black "Cempel, Jaroslav"]
[Result "0-1"]
[WhiteElo "1978"]
[BlackElo "2032"]
[PlyCount "100"]
[EventDate "2022.10.09"]
[EventType "team-tourn"]
[EventRounds "11"]
[EventCountry "CZE"]
[SourceTitle "EXT 2024"]
[Source "ChessBase"]
[SourceDate "2023.10.10"]
[SourceVersion "1"]
[SourceVersionDate "2023.10.10"]
[SourceQuality "1"]
[WhiteTeam "Opava Slezan"]
[BlackTeam "Poruba Slavoj IV"]
[WhiteTeamCountry "CZE"]
[BlackTeamCountry "CZE"]

1. c4 e5 2. e4 Bc5 3. g3 d6 4. Bg2 Be6 5. d3 Nf6 6. h3 Nc6 7. Nf3 h6 8. Nc3 Ne7 9. Qe2 Ng6 10. Be3 Bxe3 11. Qxe3 Qd7 12. b3 c5 13. a4 0-0 14. Kf1 Nh7 15. Kg1 Ne7 16. Kh2 f5 17. Rhf1 f4 18. Qd2 g5 19. Ng1 Nc6 20. Nce2 Rf6 21. f3 fxg3+ 22. Kxg3 Rg6 23. Kf2 Rf8 24. Ke1 Nf6 25. Kd1 Nh5 26. Qe1 Nb4 27. Kd2 Qd8 28. Rc1 Qa5 29. Qf2 Na2+ 30. Kc2 Nxc1 31. Rxc1 Qd8 32. Nc3 Nf4 33. Bf1 Qd7 34. Qh2 a6 35. Rb1 Qg7 36. Be2 Qd7 37. Bf1 Rgf6 38. Re1 Ng6 39. Be2 Rf4 40. Qg3 Rh4 41. Bf1 Nf4 42. Kd2 Kh7 43. Nd1 b5 44. axb5 axb5 45. Nf2 Qa7 46. Rc1 Qa2+ 47. Rc2 Qxb3 48. cxb5 Qb4+ 49. Ke3 Qe1+ 50. Be2 d5 0-1

[Event "Moravia-Silesia Region-chT 2223"]
[Site "Czech Republic"]
[Date "2022.10.09"]
[Round "1"]
[White "Zidek, Daniel"]
[Black "Cempel, Jaroslav"]
[Result "1/2-1/2"]
[WhiteElo "1786"]
[BlackElo "2032"]
[PlyCount "59"]
[EventDate "2022.10.09"]
[EventType "team-tourn"]
[EventRounds "11"]
[EventCountry "CZE"]
[SourceTitle "EXT 2024"]
[Source "ChessBase"]
[SourceDate "2023.10.10"]
[SourceVersion "1"]
[SourceVersionDate "2023.10.10"]
[SourceQuality "1"]
[WhiteTeam "Frydek Mistek IV"]
[BlackTeam "Poruba Slavoj IV"]
[WhiteTeamCountry "CZE"]
[BlackTeamCountry "CZE"]

1. d4 f5 2. Nf3 Nf6 3. g3 e6 4. Bg2 d5 5. 0-0 Bd6 6. c4 c6 7. Nbd2 Nbd7 8. Ng5 Qe7 9. f4 0-0 10. a3 a5 11. Qc2 Ne4 12. Ndxe4 dxe4 13. e3 h6 14. Nh3 c5 15. a4 b6 16. b3 Bb7 17. Nf2 Rac8 18. Nd1 Nb8 19. Nc3 Nc6 20. Nb5 Nb4 21. Qc3 Rfd8 22. Rd1 Ba6 23. Nxd6 Rxd6 24. Bf1 Rcd8 25. Bb2 Bb7 26. Rd2 R8d7 27. Rad1 Na2 28. Qc2 Nb4 29. Qc3 Na2 30. Qc2 1/2-1/2

[Event "CZE-chT1E 2223"]
[Site "Czech Republic"]
[Date "2022.10.08"]
[Round "1.6"]
[White "Cempel, Jaroslav"]
[Black "Mudrak, Josef"]
[Result "0-1"]
[WhiteElo "2032"]
[BlackElo "2239"]
[PlyCount "102"]
[EventDate "2022.10.08"]
[EventType "team-tourn"]
[EventRounds "11"]
[EventCountry "CZE"]
[SourceTitle "CBM 210 Extra"]
[Source "ChessBase"]
[SourceDate "2022.11.30"]
[SourceVersion "1"]
[SourceVersionDate "2022.11.30"]
[SourceQuality "1"]
[WhiteTeam "Poruba Slavoj II"]
[BlackTeam "Vlcnov"]
[WhiteTeamCountry "CZE"]
[BlackTeamCountry "CZE"]

1. d4 Nf6 2. Bf4 d6 3. Nc3 Nbd7 4. e4 e5 5. dxe5 dxe5 6. Bg5 h6 7. Bxf6 Qxf6 8. Nd5 Qd6 9. Qe2 c6 10. Nc3 Be7 11. a3 b5 12. Qd3 Qc7 13. Qg3 0-0 14. Nf3 Re8 15. Bd3 Bf8 16. 0-0 Nf6 17. Nd2 a6 18. Rfe1 Bb7 19. Be2 Rad8 20. Nf1 c5 21. Bf3 b4 22. Nb1 a5 23. Nbd2 c4 24. axb4 axb4 25. Ra7 Bc5 26. Rxb7 Qxb7 27. Nxc4 b3 28. c3 Rd3 29. Nxe5 Bd6 30. Nxd3 Bxg3 31. Nxg3 Qd7 32. Rd1 Qb5 33. Nb4 g6 34. h3 h5 35. Rd4 Ra8 36. Kh2 Ra2 37. Be2 Qe5 38. Nd3 Qe7 39. f3 Nd7 40. Bd1 Nc5 41. Nxc5 Qxc5 42. Rd2 Qc7 43. e5 Qxe5 44. f4 Qxf4 45. Rd4 Qc7 46. Bxb3 Rxb2 47. Bc4 Rc2 48. Bd3 Rxc3 49. h4 Kg7 50. Kh3 Qe5 51. Re4 Qd6 0-1

[Event "Bohumin op 5th"]
[Site "Bohumin"]
[Date "2022.07.05"]
[Round "4"]
[White "Krampol, Vladimir"]
[Black "Cempel, Jaroslav"]
[Result "0-1"]
[WhiteElo "1699"]
[BlackElo "2037"]
[PlyCount "56"]
[EventDate "2022.07.02"]
[EventType "swiss"]
[EventRounds "9"]
[EventCountry "CZE"]
[SourceTitle "CBM 209 Extra"]
[Source "ChessBase"]
[SourceDate "2022.09.30"]
[SourceVersion "1"]
[SourceVersionDate "2022.09.30"]
[SourceQuality "1"]

1. c4 f5 2. Nc3 Nf6 3. g3 e6 4. Bg2 Be7 5. Nf3 0-0 6. d4 d5 7. cxd5 exd5 8. 0-0 c6 9. Qc2 Ne4 10. Ne5 Nd7 11. Nxd7 Bxd7 12. f3 Nd6 13. Bf4 a6 14. e4 dxe4 15. fxe4 Qb6 16. Kh1 fxe4 17. Nxe4 Nf5 18. Rad1 Kh8 19. Ng5 Qa5 20. Qb3 Bxg5 21. Bxg5 Qb5 22. Qa3 h6 23. Bc1 Rfe8 24. g4 Nh4 25. Rf7 Qe2 26. Rg1 Be6 27. Re7 Nxg2 28. Rxg2 Qf1+ 0-1

[Event "CZE-chT2F 2122"]
[Site "Czech Republic"]
[Date "2022.03.20"]
[Round "10.2"]
[White "Cempel, Jaroslav"]
[Black "Sramek, Vojtech"]
[Result "0-1"]
[WhiteElo "2020"]
[BlackElo "2208"]
[PlyCount "86"]
[EventDate "2021.10.17"]
[EventType "team-tourn"]
[EventRounds "11"]
[EventCountry "CZE"]
[SourceTitle "EXT 2024"]
[Source "ChessBase"]
[SourceDate "2023.10.10"]
[SourceVersion "1"]
[SourceVersionDate "2023.10.10"]
[SourceQuality "1"]
[WhiteTeam "Poruba Slavoj III"]
[BlackTeam "Orlova Slavia II"]
[WhiteTeamCountry "CZE"]
[BlackTeamCountry "CZE"]

1. f4 d5 2. Nf3 g6 3. e3 Bg7 4. d4 Nf6 5. Bd3 0-0 6. 0-0 b6 7. Ne5 c5 8. c3 Ba6 9. Bxa6 Nxa6 10. Nd2 Nc7 11. Qe1 Nb5 12. Nd3 Rc8 13. Qe2 Nd6 14. Nf2 b5 15. dxc5 Rxc5 16. a4 Qb6 17. Nb3 Rc7 18. axb5 Nxb5 19. Nd4 Nd6 20. Qa6 Rb8 21. Nd3 Nfe4 22. Nb4 e6 23. Ndc6 Rbb7 24. Nd8 Nc5 25. Qxb6 Rxb6 26. e4 Ndxe4 27. Be3 a6 28. Nd3 Rb8 29. Nxc5 Nxc5 30. Ra5 Nd7 31. f5 gxf5 32. Bf4 Be5 33. Bg5 Bf6 34. Bf4 e5 35. Bc1 Rxd8 36. Rxf5 Kg7 37. Rxa6 Re8 38. Rd6 d4 39. Bd2 Re6 40. Rd5 Nb6 41. Rb5 Nc4 42. Bg5 Bxg5 43. Rxg5+ Rg6 0-1

[Event "CZE-chT2F 2122"]
[Site "Czech Republic"]
[Date "2021.10.17"]
[Round "1.2"]
[White "Cempel, Jaroslav"]
[Black "Kula, Dominik"]
[Result "0-1"]
[WhiteElo "2020"]
[BlackElo "2211"]
[PlyCount "52"]
[EventDate "2021.10.17"]
[EventType "team-tourn"]
[EventRounds "11"]
[EventCountry "CZE"]
[SourceTitle "EXT 2024"]
[Source "ChessBase"]
[SourceDate "2023.10.10"]
[SourceVersion "1"]
[SourceVersionDate "2023.10.10"]
[SourceQuality "1"]
[WhiteTeam "Poruba Slavoj III"]
[BlackTeam "Dobra Sokol"]
[WhiteTeamCountry "CZE"]
[BlackTeamCountry "CZE"]

1. Nf3 Nf6 2. d4 g6 3. g3 Bg7 4. Bg2 d5 5. 0-0 0-0 6. Nbd2 c5 7. c3 cxd4 8. cxd4 Nc6 9. a3 Bf5 10. b4 Qb6 11. Nb3 Ne4 12. e3 a5 13. bxa5 Nxa5 14. Nxa5 Rxa5 15. Ne5 Rc8 16. Bxe4 dxe4 17. Bd2 Rd5 18. Rc1 Bxe5 19. dxe5 Qd8 20. Rxc8 Bxc8 21. Qa4 Rxd2 22. Qxe4 Bh3 23. Re1 Rd1 24. Qb4 Rxe1+ 25. Qxe1 Qd5 26. e4 Qxe5 0-1

[Event "Bohumin op 3rd"]
[Site "Bohumin"]
[Date "2020.07.22"]
[Round "5"]
[White "Cempel, Jaroslav"]
[Black "Dziendziel, Mateusz"]
[Result "0-1"]
[WhiteElo "2049"]
[BlackElo "1768"]
[PlyCount "58"]
[EventDate "2020.07.18"]
[EventType "swiss"]
[EventRounds "9"]
[EventCountry "CZE"]
[SourceTitle "CBM 197 Extra"]
[Source "ChessBase"]
[SourceDate "2020.09.30"]
[SourceVersion "1"]
[SourceVersionDate "2020.09.30"]
[SourceQuality "1"]

1. e4 c5 2. Nf3 e6 3. d4 cxd4 4. Nxd4 Nc6 5. Be3 Qc7 6. c3 Nf6 7. Nd2 d5 8. Bd3 Ne5 9. Bb5+ Bd7 10. Bxd7+ Qxd7 11. exd5 Nxd5 12. Qe2 Nxe3 13. Qxe3 Nc6 14. N2b3 Be7 15. 0-0-0 0-0 16. Nf5 Qc7 17. Nxe7+ Nxe7 18. Qc5 Qf4+ 19. Kb1 Nd5 20. Rd4 Qf5+ 21. Ka1 Rfc8 22. Qd6 Qxf2 23. Rd2 Qe3 24. Rhd1 h6 25. Rd3 Qe4 26. Nc5 Qg6 27. Rg3 Qc2 28. Rgd3 Rc6 29. Rxd5 exd5 0-1

[Event "Bohumin op 3rd"]
[Site "Bohumin"]
[Date "2020.07.19"]
[Round "2"]
[White "Pulpan, Jakub"]
[Black "Cempel, Jaroslav"]
[Result "1-0"]
[WhiteElo "2410"]
[BlackElo "2049"]
[PlyCount "65"]
[EventDate "2020.07.18"]
[EventType "swiss"]
[EventRounds "9"]
[EventCountry "CZE"]
[SourceTitle "CBM 197 Extra"]
[Source "ChessBase"]
[SourceDate "2020.09.30"]
[SourceVersion "1"]
[SourceVersionDate "2020.09.30"]
[SourceQuality "1"]

1. Nf3 f5 2. d3 Nf6 3. e4 e6 4. e5 Nd5 5. c4 Nb6 6. d4 d6 7. Nc3 Be7 8. a4 a5 9. Be2 Nc6 10. exd6 cxd6 11. d5 Nb4 12. dxe6 Bxe6 13. Nd4 Qd7 14. Nxe6 Qxe6 15. 0-0 0-0 16. Re1 Bf6 17. Nb5 Rad8 18. Bd2 Kh8 19. Bxb4 axb4 20. Qb3 Qe5 21. a5 Nc8 22. Bf3 Qxb2 23. Qxb2 Bxb2 24. Rab1 Bc3 25. Nxc3 bxc3 26. Rxb7 d5 27. Bxd5 Nd6 28. Rb3 c2 29. Rc3 Rc8 30. Rxc2 Rc5 31. Ra1 Rfc8 32. a6 Nb5 33. a7 1-0

[Event "CZE-chT2F 1920"]
[Site "Czech Republic"]
[Date "2020.02.23"]
[Round "9.2"]
[White "Sikorova, Olga"]
[Black "Cempel, Jaroslav"]
[Result "1-0"]
[WhiteElo "2198"]
[BlackElo "2052"]
[PlyCount "51"]
[EventDate "2019.10.13"]
[EventType "team-tourn"]
[EventRounds "11"]
[EventCountry "CZE"]
[SourceTitle "EXT 2024"]
[Source "ChessBase"]
[SourceDate "2023.10.10"]
[SourceVersion "1"]
[SourceVersionDate "2023.10.10"]
[SourceQuality "1"]
[WhiteTeam "Trinec II"]
[BlackTeam "Poruba Slavoj III"]
[WhiteTeamCountry "CZE"]
[BlackTeamCountry "CZE"]

1. c4 f5 2. g3 Nf6 3. Bg2 e6 4. Nf3 d5 5. cxd5 exd5 6. d4 c6 7. Bg5 Qa5+ 8. Nbd2 Ne4 9. 0-0 Nxg5 10. Nxg5 Qb6 11. e4 Qd8 12. exd5 Qxg5 13. Re1+ Kd8 14. Nf3 Qf6 15. Ne5 c5 16. d6 Nd7 17. Qb3 Nxe5 18. dxe5 Qe6 19. Bd5 Qd7 20. Rad1 Bxd6 21. Be6 Qe8 22. exd6 Bxe6 23. Rxe6 Qd7 24. Re7 Qc6 25. Qf7 Re8 26. Rxe8+ 1-0

[Event "CZE-chT2F 1920"]
[Site "Czech Republic"]
[Date "2020.01.26"]
[Round "7.4"]
[White "Cempel, Jaroslav"]
[Black "Kolar, Stanislav"]
[Result "1-0"]
[WhiteElo "2033"]
[BlackElo "2071"]
[PlyCount "81"]
[EventDate "2019.10.13"]
[EventType "team-tourn"]
[EventRounds "11"]
[EventCountry "CZE"]
[SourceTitle "EXT 2024"]
[Source "ChessBase"]
[SourceDate "2023.10.10"]
[SourceVersion "1"]
[SourceVersionDate "2023.10.10"]
[SourceQuality "1"]
[WhiteTeam "Poruba Slavoj III"]
[BlackTeam "Havirov Banik"]
[WhiteTeamCountry "CZE"]
[BlackTeamCountry "CZE"]

1. f4 Nf6 2. Nf3 g6 3. e3 Bg7 4. d4 0-0 5. Bd3 c5 6. c3 Qb6 7. 0-0 Nc6 8. Qe2 a6 9. Nbd2 d5 10. Ne5 Bf5 11. Bxf5 gxf5 12. Rf3 Rad8 13. Rh3 Rd6 14. Kh1 Re6 15. dxc5 Qxc5 16. Nb3 Qd6 17. Nxc6 bxc6 18. Nd4 Re4 19. Nxf5 Qxf4 20. Rf3 Qe5 21. h3 Ra8 22. Bd2 Ra7 23. Raf1 Bf8 24. Be1 c5 25. Bh4 Nh5 26. g4 e6 27. gxh5 d4 28. Rg1+ Kh8 29. Qg2 Bg7 30. Bg3 Qf6 31. Nd6 Qxf3 32. Qxf3 Rxe3 33. Qc6 h6 34. Qxc5 Ra8 35. Nxf7+ Kh7 36. cxd4 Rf8 37. Qc2+ Kg8 38. Ne5 Rf5 39. Qc8+ Kh7 40. Qxe6 Rf6 41. Qg4 1-0

[Event "CZE-chT2F 1920"]
[Site "Czech Republic"]
[Date "2019.12.15"]
[Round "5.3"]
[White "Sobek, Jaroslav"]
[Black "Cempel, Jaroslav"]
[Result "1/2-1/2"]
[WhiteElo "2244"]
[BlackElo "2032"]
[PlyCount "73"]
[EventDate "2019.10.13"]
[EventType "team-tourn"]
[EventRounds "11"]
[EventCountry "CZE"]
[SourceTitle "EXT 2024"]
[Source "ChessBase"]
[SourceDate "2023.10.10"]
[SourceVersion "1"]
[SourceVersionDate "2023.10.10"]
[SourceQuality "1"]
[WhiteTeam "Karvina"]
[BlackTeam "Poruba Slavoj III"]
[WhiteTeamCountry "CZE"]
[BlackTeamCountry "CZE"]

1. d4 f5 2. g3 Nf6 3. Bg2 e6 4. c4 d5 5. Nf3 c6 6. 0-0 Bd6 7. b3 Ne4 8. Ba3 Bxa3 9. Nxa3 Nd7 10. Nc2 0-0 11. e3 Qe7 12. cxd5 exd5 13. Nce1 g6 14. Rc1 Ng5 15. Nxg5 Qxg5 16. b4 a6 17. a4 Nb6 18. b5 axb5 19. axb5 Bd7 20. Nf3 Qd8 21. bxc6 Bxc6 22. Ne5 Bb5 23. Re1 Nc4 24. Qb3 Ba6 25. Nxc4 dxc4 26. Rxc4 Bxc4 27. Qxc4+ Kh8 28. Bxb7 Rb8 29. Bf3 Qa5 30. Rd1 Qb6 31. h4 Kg7 32. Ra1 Rfc8 33. Qd5 Qc7 34. Ra6 Re8 35. Kg2 Rb2 36. Rc6 Qe7 37. Rc3 1/2-1/2